000 01716cam a22005054i 4500
003 PE-LiUPU
005 20250731180134.0
008 150625s r 000 0 d
020 _a9500285932
035 _a(Sirsi) i9789500285933
040 _aPE-LiUPU
_bspa
_cPE-LiUPU
_erda
049 _aPRUA
082 0 4 _a511
_bA81
_221
100 1 _aAsimov, Isaac,
_eautor.
245 1 0 _aDe los números y su historia /
_cIsaac Asimov.
264 1 _aBuenos Aires :
_bEl Ateneo,
_c2005.
300 _a257 páginas ;
_c20 centímetros
336 _atext
_2rdacontent
337 _aunmediated
_2rdamedia
338 _avolume
_2rdacarrier
505 0 _aLos numeros y la numeración. -Los numeros y la matemática. -los numeros y la medición. -Los numeros y el calendario. -Los numeros y la biología. -Los numeros y la astronomía. -Los numeros y la tierra.
526 _aSEG44
526 _aSEG26
526 _aP159
526 _aP155
526 _aP154
526 _aP153
526 _aP150
526 _aP100
526 _aP31
526 _aP30
526 _aP26
526 _aP25
526 _aP24
526 _aP22
526 _aP15
526 _aP10
541 _g001-027182;
650 0 4 _aNúmeros.
942 _2ddc
_cBOOK
949 _a511 A81
_wDEWEY
_c1
_i57612
_lCCODEBUL1
_mBUL
_p12.00
_r0
_sY
_tBOOK
_u2015-6-25
_xEDUCACION
_PP20
_0COMPRA
_o.STAFF. Colección General
994 _aC0
_bPEPRU
596 _a1
999 _a511 A81
_wDEWEY
_c46632
_i57612
_f2021-11-5
_g5
_lCCODEBUL1
_mBUL
_p12.00
_r0
_sN
_tBOOK
_u2015-6-25
_xBIBLIOTECA
_PP20
_0COMPRA
_o.STAFF. Colección General
_d46632
980 _81
_gALBERTO SANCHEZ Responsable de Automatización